Normal view
MARC view
Entry Personal Name
001 - CONTROL NUMBER
- control field: 21114
003 - CONTROL NUMBER IDENTIFIER
- control field: dpl
005 - DATE AND TIME OF LATEST TRANSACTION
- control field: 20100922121632.0
008 - FIXED-LENGTH DATA ELEMENTS
- fixed length control field: 100922|||a|||||| | ||| d
040 ## - CATALOGING SOURCE
- Original cataloging agency: dpl
- Transcribing agency: dpl
100 ## - HEADING--PERSONAL NAME
- Personal name: Chakravarti, Kali Pada,
- Title of a work: Domestic enquiry and punishment.
670 ## - SOURCE DATA FOUND
- Source citation: Work cat.: (dpl)0: De,Ranadhir Kumar 21112, K.P. Chakravarti's domestic enquiry & punishment /, 2010
670 ## - SOURCE DATA FOUND
- Source citation: Work cat.: (dpl)0: De,Ranadhir Kumar 21112, K.P. Chakravarti's domestic enquiry & punishment /, 2010
